000 01832cam a2200373 a 4500
001 EDZ0000063552
003 StDuBDS
005 20161031105153.0
006 m||||||||d||||||||
007 cr |||||||||||
008 120315s2001 cau fo| 001|0|eng d
020 _a9781452231259 (ebook) :
_cNo price
040 _aStDuBDS
_beng
_cStDuBDS
_epn
049 _aAlfaisal Main Library
050 0 _aHD62.6
_b.P63 2001
082 0 4 _a658.3152
_223
100 1 _aPlas, Jeanne M.
245 1 0 _aPerson-centered leadership for non profit organizations
_h[electronic resource] :
_bmanagement that works in high pressure systems /
_cJeanne M. Plas, Susan E. Lewis.
260 _aThousand Oaks, Calif. ;
_aLondon :
_bSAGE,
_cc2001.
300 _a1 online resource (xv, 176 p.)
520 8 _aThis work presents a case study of the leadership philosophy and day to day operations of an award-winning social service organization that targets youth and their families while successfully using person-centred strategies as the management model. The groundbreaking core of the book shows how this participatory management strategy, Person-Centred Leadership, can be incorporated with great success into high stress non-profit organizations.
521 _aSpecialized.
588 _aDescription based on print version record.
504 _aIncludes bibliographical references and index.
650 0 _aNonprofit organizations
_xUnited States
_zManagement.
650 0 _aLeadership.
650 0 _aManagement
_xEmployee participation.
655 7 _aElectronic books.
_2local
700 1 _aLewis, Susan E.
710 2 _aSage eBooks
776 0 8 _iPrint version :
_z9780761906247
856 4 0 _uhttp://ezproxy.alfaisal.edu/login?url=http://sk.sagepub.com/books/person-centered-leadership-for-nonprofit-organizations
942 _2lcc
_cEBOOKS
999 _c480862
_d480862